[Event "AUTO-MASTER-1723"]
[Site "http://www.queenalice.com/game.php?id=1098137"]
[Date "2012.8.31"]
[Round "1"]
[White "dorjon"]
[Black "kronsteen"]
[Result "1-0"]
[WhiteElo "2163"]
[BlackElo "2276"]

1. d4 d5 2. Nf3 Nf6 3. Nc3 Bf5 4. e3 e6 5. a3 c5 6. Bb5+ Nbd7 7. O-O Be7 8. Ne5
O-O 9. Nxd7 Nxd7 10. Bd3 Bxd3 11. Qxd3 a6 12. Qd1 b5 13. Ne2 Nf6 14. Ng3 Qc7 15.
Bd2 Rfc8 16. c3 a5 17. Qe2 b4 18. axb4 axb4 19. dxc5 bxc3 20. Bxc3 Qxc5 21. h3
h6 22. Rac1 Qc4 23. Qf3 Qd3 24. Rfd1 Qg6 25. Bd4 h5 26. Ne2 h4 27. Nc3 Rc4 28.
Nxd5 exd5 29. Rxc4 Ne4 30. Rcc1 Rd8 31. Qe2 Bd6 32. Qg4 1-0

[Event "AUTO-MASTER-1723"]
[Site "http://www.queenalice.com/game.php?id=1098138"]
[Date "2012.8.31"]
[Round "1"]
[White "kronsteen"]
[Black "dorjon"]
[Result "1/2-1/2"]
[WhiteElo "2261"]
[BlackElo "2205"]

1. d4 Nf6 2. c4 e6 3. Nc3 d5 4. cxd5 exd5 5. Bg5 Be7 6. e3 O-O 7. Bd3 c6 8. Qc2
g6 9. Nge2 Kg7 10. O-O b6 11. a3 a5 12. f3 Nh5 13. Bxe7 Qxe7 14. e4 Nf6 15. e5
Ng8 16. f4 f5 17. Na4 Qa7 18. Kh1 Ne7 19. Ng1 Ba6 20. Bxa6 Nxa6 21. Nf3 Nc7 22.
Rad1 Ne6 23. Ng5 Nxg5 24. fxg5 h6 25. gxh6+ Kxh6 26. Qd2+ Kg7 27. Qg5 Rf7 28.
Rf4 Rh8 29. Rh4 Rxh4 30. Qxh4 Qa6 31. Nc3 Qc4 32. Qf4 Ng8 33. h4 Re7 34. h5 Re6
35. hxg6 Nh6 36. Qg5 Qa6 37. Qd8 Qb7 38. Na4 Rxg6 39. Nxb6 Nf7 40. Qd7 Qxb6 41.
e6 Qxb2 42. Qxf7+ Kh6 43. Qf8+ Kh7 44. Qf7+ Kh6 45. Qf8+ 1/2-1/2

[Event "AUTO-MASTER-1723"]
[Site "http://www.queenalice.com/game.php?id=1098149"]
[Date "2012.8.31"]
[Round "1"]
[White "denisan"]
[Black "kronsteen"]
[Result "0-1"]
[WhiteElo "2334"]
[BlackElo "2279"]

1. e4 e5 2. Nf3 Nc6 3. Bb5 a6 4. Ba4 Nf6 5. O-O Nxe4 6. d4 b5 7. Bb3 d5 8. dxe5
Be6 9. Nbd2 Nc5 10. c3 Be7 11. Bc2 Bg4 12. Re1 Qd7 13. Nf1 Rd8 14. Ne3 Bh5 15.
b4 Ne6 16. Nf5 O-O 17. a4 Bg6 18. axb5 axb5 19. g4 d4 20. Be4 Rfe8 21. Qd3 Nb8
22. N3xd4 Nxd4 23. cxd4 Bxf5 24. Bxf5 Qxd4 25. Bxh7+ Kf8 0-1

[Event "AUTO-MASTER-1723"]
[Site "http://www.queenalice.com/game.php?id=1098150"]
[Date "2012.8.31"]
[Round "1"]
[White "kronsteen"]
[Black "denisan"]
[Result "1-0"]
[WhiteElo "2264"]
[BlackElo "2349"]

1. d4 Nf6 2. c4 e6 3. Nc3 Bb4 4. Qc2 c5 5. dxc5 Nc6 6. Nf3 Bxc5 7. Bg5 h6 8. Bh4
b6 9. e3 Bb7 10. Be2 O-O 11. O-O Rc8 12. Rfd1 Be7 13. b3 a6 14. Qb2 Qc7 15. Bg3
d6 16. Rac1 Ne5 17. Nxe5 dxe5 18. Na4 Nd7 19. f3 Rfd8 20. e4 Bc6 21. Nc3 Bg5 22.
Ra1 Be3+ 23. Bf2 Bxf2+ 24. Kxf2 1-0

[Event "AUTO-MASTER-1735"]
[Site "http://www.queenalice.com/game.php?id=1104368"]
[Date "2012.9.19"]
[Round "1"]
[White "mowliid12"]
[Black "kronsteen"]
[Result "0-1"]
[WhiteElo "1916"]
[BlackElo "2322"]

1. d4 Nf6 2. c4 e6 3. Nc3 Bb4 4. Bg5 c5 5. e3 Qa5 6. Bxf6 Bxc3+ 7. bxc3 Qxc3+ 8.
Ke2 gxf6 9. Rc1 Qa5 10. Qd2 Qc7 11. Nf3 b6 12. Ke1 Nc6 13. Be2 Bb7 14. h4 Rg8
15. Kf1 Ne7 16. Rh3 f5 17. Qb2 h6 18. Rb1 Be4 19. Rd1 d6 0-1

[Event "AUTO-MASTER-1735"]
[Site "http://www.queenalice.com/game.php?id=1104369"]
[Date "2012.9.19"]
[Round "1"]
[White "kronsteen"]
[Black "mowliid12"]
[Result "1-0"]
[WhiteElo "2321"]
[BlackElo "1918"]

1. e4 c5 2. Nf3 d6 3. d4 cxd4 4. Nxd4 Nf6 5. Nc3 a6 6. Be3 e5 7. Nf3 Be7 8. Bc4
O-O 9. O-O Nbd7 10. a4 b6 11. Qe2 Bb7 12. Nd2 Qc7 13. Rfd1 Nc5 14. Bg5 h6 15.
Bxf6 Bxf6 16. Nd5 Bxd5 17. Bxd5 Ra7 18. Nc4 Rd8 19. Ne3 1-0

[Event "AUTO-MASTER-1735"]
[Site "http://www.queenalice.com/game.php?id=1104382"]
[Date "2012.9.19"]
[Round "1"]
[White "kronsteen"]
[Black "PROFILER"]
[Result "1/2-1/2"]
[WhiteElo "2323"]
[BlackElo "2114"]

1. e4 e5 2. Nf3 Nc6 3. Bb5 a6 4. Ba4 Nf6 5. O-O Nxe4 6. d4 b5 7. Bb3 d5 8. dxe5
Be6 9. Nbd2 Nc5 10. c3 d4 11. Bxe6 Nxe6 12. cxd4 Ncxd4 13. a4 Be7 14. Nxd4 Nxd4
15. Ne4 O-O 16. axb5 Nxb5 17. Be3 Qc8 18. Qc2 Qe6 19. f4 Rad8 20. Ra4 Rd7 21.
Rfa1 Qd5 22. h3 f6 23. exf6 Bxf6 24. Nxf6+ Rxf6 25. Rxa6 Rxa6 26. Rxa6 Nd4 27.
Qa4 Kf7 28. Bxd4 Qxd4+ 29. Qxd4 Rxd4 30. Rc6 Rd1+ 31. Kh2 Rd7 32. Kg3 Kg8 33.
Rc2 h6 34. Kf3 Rd3+ 35. Ke4 Rb3 36. Kd5 Rb6 37. Kc5 Rf6 38. g3 h5 39. h4 Rg6 40.
Rc3 Kf8 41. Kd5 Rb6 42. Rxc7 Rxb2 43. Ke6 Rb6+ 44. Kf5 Rb3 45. g4 hxg4 46. Kxg4
1/2-1/2

[Event "AUTO-MASTER-1735"]
[Site "http://www.queenalice.com/game.php?id=1104383"]
[Date "2012.9.19"]
[Round "1"]
[White "PROFILER"]
[Black "kronsteen"]
[Result "0-1"]
[WhiteElo "2147"]
[BlackElo "2298"]

1. d4 Nf6 2. c4 e6 3. g3 c5 4. Nf3 cxd4 5. Nxd4 d5 6. Bg2 e5 7. Nb3 d4 8. e3 a5
9. exd4 a4 10. N3d2 exd4 11. O-O Be7 12. Na3 Nc6 13. b3 axb3 14. axb3 O-O 15.
Bb2 Bf5 16. Nc2 Rxa1 17. Bxa1 Re8 18. Nf3 d3 19. Ne3 Be4 20. Qd2 Nd7 21. Rd1 Nc5
22. Rb1 Bf6 23. Bxf6 Qxf6 24. Ne1 Bxg2 25. N1xg2 Nd4 26. Qd1 Nf3+ 27. Kh1 Ne4
0-1

[Event "AUTO-MASTER-1735"]
[Site "http://www.queenalice.com/game.php?id=1104384"]
[Date "2012.9.19"]
[Round "1"]
[White "kronsteen"]
[Black "docb"]
[Result "1-0"]
[WhiteElo "2293"]
[BlackElo "2022"]

1. d4 d5 2. c4 e6 3. Nc3 Nf6 4. cxd5 exd5 5. Bg5 Nbd7 6. e3 c6 7. Bd3 Bd6 8. Nf3
O-O 9. Qc2 g6 10. O-O Kg7 11. Rab1 h6 12. Bh4 g5 13. Bg3 Bxg3 14. hxg3 Re8 15.
b4 Qe7 16. Nd2 Nf8 17. b5 Bd7 18. bxc6 bxc6 19. Na4 Ne6 20. Nb3 a5 21. Nac5 Nxc5
22. Nxc5 Be6 23. Rb7 Qd6 24. Rfb1 Nd7 25. Nxe6+ fxe6 26. Bh7 Kh8 27. Bd3 Nf6 28.
Be2 Rg8 29. Rf7 e5 30. dxe5 Qxe5 31. Rbb7 1-0

[Event "AUTO-MASTER-1735"]
[Site "http://www.queenalice.com/game.php?id=1104385"]
[Date "2012.9.19"]
[Round "1"]
[White "docb"]
[Black "kronsteen"]
[Result "0-1"]
[WhiteElo "2022"]
[BlackElo "2259"]

1. e4 e5 2. Nf3 Nc6 3. d4 exd4 4. Nxd4 Nf6 5. Nxc6 bxc6 6. e5 Qe7 7. Qe2 Nd5 8.
c4 Nb6 9. Nc3 Qe6 10. b3 a5 11. a4 Bb4 12. Bb2 Ba6 13. O-O-O O-O 14. f4 Rfe8 15.
Qf3 Qe7 16. Bd3 Ba3 17. Qh3 Bxb2+ 18. Kxb2 g6 19. Ne4 Kg7 20. Nf6 Rh8 21. g4 h6
22. Qg2 Rab8 23. h4 Nxa4+ 24. Kc2 Qa3 0-1

[Event "Challenge"]
[Site "http://www.queenalice.com/game.php?id=1115077"]
[Date "2012.10.22"]
[Round "-"]
[White "jdimas"]
[Black "kronsteen"]
[Result "0-1"]
[WhiteElo "1736"]
[BlackElo "2297"]

1. e3 d5 2. d4 Nf6 3. c4 c6 4. c5 Bf5 5. Nc3 Nbd7 6. h3 e5 7. dxe5 Nxe5 8. g4
Bc8 9. f4 Ned7 10. g5 Ne4 11. Nxe4 dxe4 12. Bc4 Bxc5 13. Qb3 Qe7 14. Ne2 Nb6 15.
Ng3 Nxc4 16. Qxc4 Be6 17. Qxe4 O-O-O 18. Nf5 Bb4+ 19. Kf2 Bxf5 20. Qxf5+ Kb8 21.
a3 Bc5 22. b4 Bb6 23. Kf3 Rhe8 24. Re1 g6 25. Qg4 Rd3 26. Ra2 Bxe3 27. Bxe3
Rxe3+ 28. Rxe3 Qxe3+ 29. Kg2 Rd8 30. a4 Qd4 31. Qe2 Qxf4 32. Qe7 Rd5 33. h4 Qg4+
34. Kf2 Qxh4+ 35. Ke3 Qg3+ 36. Ke4 Qd3+ 37. Kf4 Rf5+ 38. Kg4 Qf3+ 39. Kh4 Rf4#
0-1

[Event "AUTO-MASTER-1723"]
[Site "http://www.queenalice.com/game.php?id=1163830"]
[Date "2013.3.23"]
[Round "2"]
[White "Artking"]
[Black "kronsteen"]
[Result "0-1"]
[WhiteElo "1875"]
[BlackElo "2322"]

1. Nf3 Nf6 2. d4 e6 3. c4 b6 4. g3 Ba6 5. b3 Bb4+ 6. Nbd2 Bc3 7. Rb1 Bb7 8. Bg2
Bxd4 9. O-O Bc5 10. Bb2 Be7 11. Qc2 d6 12. Rfd1 Nbd7 13. e3 O-O 14. Ng5 Bxg2 15.
Kxg2 h6 16. Nge4 Nxe4 17. Nxe4 Nf6 18. b4 Nxe4 19. Qxe4 Bf6 20. c5 d5 21. Qf4
Bxb2 22. Rxb2 b5 23. e4 c6 24. exd5 exd5 25. a4 a6 26. axb5 axb5 27. Qd2 Re8 28.
Re1 Qf6 29. Ra2 Qd8 30. Rxe8+ Qxe8 31. Rxa8 Qxa8 32. h4 Qe8 33. Qd4 Qe2 34. Qe3
Qxe3 35. fxe3 f5 36. Kf3 Kf7 37. Kf4 Kf6 38. h5 Ke6 39. g4 fxg4 40. Kxg4 Ke5 41.
Kg3 Ke4 42. Kf2 Kd3 43. Kf3 Kc4 44. e4 dxe4+ 45. Kxe4 Kxb4 46. Kd4 Ka5 47. Ke5
b4 48. Kd6 Kb5 0-1

[Event "AUTO-MASTER-1723"]
[Site "http://www.queenalice.com/game.php?id=1163831"]
[Date "2013.3.23"]
[Round "2"]
[White "kronsteen"]
[Black "Artking"]
[Result "1-0"]
[WhiteElo "2321"]
[BlackElo "1851"]

1. d4 Nf6 2. c4 g6 3. Nc3 Bg7 4. e4 d6 5. Nf3 Nbd7 6. Be2 c6 7. O-O O-O 8. Re1
e5 9. Bf1 a6 10. Rb1 Qe8 11. d5 c5 12. a3 Nh5 13. b4 b6 14. bxc5 bxc5 15. a4 f5
16. exf5 gxf5 17. Ng5 Ndf6 18. Be2 e4 19. a5 h6 20. Ne6 Bxe6 21. dxe6 Ng4 22.
Nd5 Bd4 23. Bxg4 fxg4 24. Qxg4+ Kh8 25. Bb2 Rf4 26. Bxd4+ cxd4 27. Nxf4 1-0

[Event "AUTO-MASTER-1723"]
[Site "http://www.queenalice.com/game.php?id=1163832"]
[Date "2013.3.23"]
[Round "2"]
[White "Andrez"]
[Black "kronsteen"]
[Result "0-1"]
[WhiteElo "1965"]
[BlackElo "2323"]

1. f4 d5 2. Nf3 g6 3. e3 Bg7 4. Be2 Nf6 5. O-O O-O 6. a4 c5 7. b3 Nc6 8. Bb2 b6
9. Ne5 Bb7 10. Qe1 Nb4 11. Na3 Rc8 12. h4 d4 13. h5 Nd7 14. Nxd7 Qxd7 15. Rd1 d3
16. Bxg7 dxe2 17. h6 exf1=Q+ 18. Kxf1 f6 19. Bxf8 Kxf8 20. d4 Qg4 21. Rd2 cxd4
22. Re2 Ba6 23. Nc4 Rxc4 24. bxc4 Bxc4 25. Qxb4 Qxe2+ 26. Kg1 Bd5 0-1

[Event "AUTO-MASTER-1723"]
[Site "http://www.queenalice.com/game.php?id=1163833"]
[Date "2013.3.23"]
[Round "2"]
[White "kronsteen"]
[Black "Andrez"]
[Result "1-0"]
[WhiteElo "2324"]
[BlackElo "1963"]

1. d4 f5 2. g3 Nf6 3. Bg2 e6 4. c4 Be7 5. Nf3 O-O 6. O-O a5 7. Nc3 Ne4 8. Qc2 d5
9. Ne5 c6 10. f4 Nd7 11. b3 Nxe5 12. dxe5 h5 13. Nxe4 fxe4 14. Be3 h4 15. g4 g5
16. Rad1 gxf4 17. Bxf4 Bd7 18. Bh6 Rxf1+ 19. Rxf1 Qb6+ 20. Kh1 Qd4 21. e3 Qxe5
22. Qf2 Bd6 23. Qf7+ Kh8 24. Bf4 Qg7 25. Bxd6 Qxf7 26. Rxf7 Bc8 27. c5 a4 28. b4
a3 29. Bc7 Kg8 30. Rf1 Bd7 31. g5 Kg7 32. Rf6 Re8 33. Bh3 Bc8 34. Be5 Kg8 35.
Bg4 Kh7 36. Rh6+ Kg8 37. Bh5 1-0

[Event "OS INCLIVEIS"]
[Site "http://www.queenalice.com/game.php?id=1168276"]
[Date "2013.4.4"]
[Round "-"]
[White "adelio"]
[Black "kronsteen"]
[Result "0-1"]
[WhiteElo "1750"]
[BlackElo "2319"]

1. f4 d5 2. d4 Nf6 3. c4 c6 4. c5 Bf5 5. b4 h6 6. a3 a5 7. Nd2 axb4 8. Ndf3 bxa3
9. Ne5 Ne4 10. Bd2 e6 11. g4 Qh4# 0-1

[Event "OS INCLIVEIS"]
[Site "http://www.queenalice.com/game.php?id=1168278"]
[Date "2013.4.4"]
[Round "-"]
[White "kronsteen"]
[Black "adelio"]
[Result "1-0"]
[WhiteElo "2320"]
[BlackElo "1748"]

1. e4 e5 2. Nf3 f6 3. Nxe5 Qe7 4. Nf3 Qxe4+ 5. Be2 b6 6. O-O Qb7 7. Re1 Ne7 8.
d4 c6 9. c4 h5 10. Nc3 h4 11. h3 d6 12. Bf4 Qc7 13. d5 g5 14. Nxg5 Rg8 15. Bh5+
Kd7 16. Ne6 Qb7 17. Ne4 Bg7 18. Qg4 f5 19. Qxg7 Rxg7 20. Nf6# 1-0

[Event "AUTO-MASTER-1735"]
[Site "http://www.queenalice.com/game.php?id=1173321"]
[Date "2013.4.19"]
[Round "2"]
[White "Vonkinho"]
[Black "kronsteen"]
[Result "0-1"]
[WhiteElo "2246"]
[BlackElo "2299"]

1. d4 Nf6 2. c4 e6 3. Nf3 b6 4. g3 Ba6 5. b3 Bb4+ 6. Bd2 Be7 7. Bg2 c6 8. Bc3 d5
9. Ne5 Nfd7 10. Nxd7 Nxd7 11. Nd2 O-O 12. e4 b5 13. O-O Rc8 14. Qe2 dxc4 15.
bxc4 bxc4 16. Rab1 Nb6 17. Rfc1 Bb5 18. Qg4 Na4 19. Ba1 c3 20. Nf3 Ba3 21. Rxc3
Nxc3 22. Bxc3 f5 23. exf5 exf5 24. Qh5 Qe8 25. Qg5 h6 26. Qd2 Qe2 27. Qxe2 Bxe2
28. Ne5 Bd6 29. Nxc6 Bd3 30. Rb7 Be4 31. d5 Rf7 32. Rxf7 Kxf7 33. Bxe4 fxe4 34.
Bd4 a6 35. Kf1 g5 36. Ke2 Kg6 37. h3 h5 38. Ke3 Re8 39. Bb6 Kf5 40. Nd4+ Ke5 41.
Ne6 Rg8 42. Ng7 h4 43. gxh4 Kxd5 44. Nh5 Be5 45. Ng3 Bf4+ 46. Ke2 Rb8 47. Ba5
Rb2+ 48. Kf1 Bxg3 49. fxg3 gxh4 0-1

[Event "AUTO-MASTER-1735"]
[Site "http://www.queenalice.com/game.php?id=1173322"]
[Date "2013.4.19"]
[Round "2"]
[White "kronsteen"]
[Black "Vonkinho"]
[Result "1-0"]
[WhiteElo "2325"]
[BlackElo "2195"]

1. d4 d5 2. c4 c6 3. Nf3 Nf6 4. Nc3 Bf5 5. cxd5 cxd5 6. Qb3 Bc8 7. Bf4 e6 8. e3
Bd6 9. Bb5+ Kf8 10. Bxd6+ Qxd6 11. O-O a6 12. Bd3 Nc6 13. a3 h6 14. Na4 Rb8 15.
Nc5 Nd7 16. Rac1 Nxc5 17. Rxc5 Bd7 18. Rfc1 Ke7 19. e4 dxe4 20. Bxe4 Nxd4 21.
Nxd4 Qxd4 22. R5c4 Qe5 23. Qb4+ Kf6 24. Bb1 g6 25. Rc5 a5 26. Qd2 1-0

[Event "AUTO-MASTER-1735"]
[Site "http://www.queenalice.com/game.php?id=1173323"]
[Date "2013.4.19"]
[Round "2"]
[White "JORGESILVA19D"]
[Black "kronsteen"]
[Result "1-0"]
[WhiteElo "2143"]
[BlackElo "2333"]

1. e4 e5 2. d4 exd4 3. c3 d5 4. exd5 Qxd5 5. Nf3 Bg4 6. Be2 Nc6 7. O-O O-O-O 8.
cxd4 Nxd4 9. Nxd4 Bxe2 10. Qxe2 Qxd4 11. Be3 Qd3 12. Qg4+ f5 13. Qa4 a6 14. Nc3
Qd7 15. Qa5 Bd6 16. Rad1 Nf6 17. b4 Ng4 18. Bf4 Qc6 19. b5 Qc4 20. Bxd6 Rxd6 21.
Rxd6 cxd6 22. bxa6 bxa6 23. Nd5 Qc5 24. Qxa6+ Kd7 25. Qb7+ Ke6 26. Nf4+ Kf6 27.
Nh5+ 1-0

[Event "AUTO-MASTER-1735"]
[Site "http://www.queenalice.com/game.php?id=1173324"]
[Date "2013.4.19"]
[Round "2"]
[White "kronsteen"]
[Black "JORGESILVA19D"]
[Result "0-1"]
[WhiteElo "2315"]
[BlackElo "2170"]

1. d4 f5 2. g3 Nf6 3. Bg2 d5 4. Nf3 e6 5. O-O Be7 6. c4 c6 7. b3 O-O 8. Ba3 Nbd7
9. Bxe7 Qxe7 10. Nbd2 Ne4 11. Qc2 Ndf6 12. Ne5 Bd7 13. Ndf3 Be8 14. Nd3 Bh5 15.
Nfe5 Rac8 16. f3 Ng5 17. Qd2 Nf7 18. Nf4 c5 19. Nxh5 Nxh5 20. Rfd1 Rfd8 21. Nxf7
Kxf7 22. cxd5 Rxd5 23. Qc2 Rcd8 24. dxc5 Rxc5 25. Qb2 Nf6 26. Qa3 Rxd1+ 27. Rxd1
Qc7 28. Qxa7 Ra5 29. Qe3 Rxa2 30. Rc1 Qd6 31. Kf1 Nd5 32. Qd3 Qb6 33. Bh3 h5 34.
Kg2 h4 35. Re1 g5 36. Bxf5 Ne3+ 37. Kh1 Nxf5 38. g4 Qf2 39. Rc1 Rxe2 40. Rc7+
Kf6 41. Qd8+ Ke5 42. Qh8+ Kd5 43. Qd8+ Nd6 44. Qxg5+ Re5 45. Rc5+ Qxc5 0-1